| 000 | 00415nam a22001697a 4500 | ||
|---|---|---|---|
| 003 | CEME | ||
| 005 | 20210628203652.0 | ||
| 008 | 210317b xxu||||| |||| 00| 0 eng d | ||
| 020 | _a0-471-83050-X | ||
| 040 | _c. | ||
| 082 | _a621.4021 SAN'C | ||
| 100 |
_aSandler, S. I _966772 |
||
| 245 | _aChemical and engineering thermodynamics | ||
| 260 |
_aNEWYORK _bJOHN WILEY _c1989 |
||
| 300 | _a622P | ||
| 942 |
_cBK _2ddc |
||
| 999 |
_c574678 _d574678 |
||